| 000 | 00787nam a22002057a 4500 | ||
|---|---|---|---|
| 005 | 20240430093257.0 | ||
| 008 | 230617b ||||| |||| 00| 0 eng d | ||
| 040 | _cAL | ||
| 041 | _amal | ||
| 082 |
_223 _a928M _bTHAA |
||
| 100 |
_aRehman Thayalangadi _9162598 |
||
| 100 |
_9124205 _dറഹ്മാൻ തായലങ്ങാടി Ed |
||
| 245 |
_aAhmed Mash: Snehopaharam: _bആഹ്മെദ് മാഷ്: സ്നേഹോപഹാരം |
||
| 260 |
_aKasaragod _bK M Ahmed Aadharana Samithi _c2010 |
||
| 300 |
_a260p. _bPB _c21x13cm. |
||
| 365 |
_2Malayalam _b100.00 _c₹ _d100.00 |
||
| 650 |
_aBiography: ബിയോഗ്രാഫ്യ് _9124202 |
||
| 700 |
_aTHAYALANGADI (Rehman): തായലങ്ങാടി (റഹ്മാൻ) Ed _9124203 |
||
| 942 |
_2ddc _cDB |
||
| 999 |
_c227557 _d227557 |
||